000
00486nam a2200181Ia 4500
008
090123s9999 xx 000 0 und d
082
_b
992
100
_a
फडके ना. सी.
245
_a
बावनकशी
250
_a
1
260
_b
कुलकर्णी अ.अ.
300
_a
271
600
_a
फडके ना. सी.
630
_a
बावनकशी
700
_a
फडके ना. सी.
730
_a
बावनकशी
942
_c
BOOK
999
_c
39077
_d
39077